| 000 | 00891nam a2200229Ia 4500 | ||
|---|---|---|---|
| 001 | 21601 | ||
| 005 | 20260420122556.0 | ||
| 008 | 260320s9999||||xx |||||||||||||| ||und|| | ||
| 041 | _aESP | ||
| 082 |
_a338.479185 _bH25 T. 1 |
||
| 100 |
_aHauyón Dall'Orto, José Luis, _eAUT |
||
| 245 | 0 |
_aPerú: turismo en el nuevo milenio : _bproyecto nacional de turismo II |
|
| 250 | _aSegunda edición | ||
| 260 |
_aLima : _bUniversidad de San Martín de Porres, _c2000 |
||
| 300 |
_a404 páginas : _c20 cm. |
||
| 650 | _aCIS | ||
| 653 | _aEconomía; Producción; Turismo - Perú | ||
| 654 | _aCAN | ||
| 856 |
_uhttps://itmsp.museknowledge.com/UCSP?groupID=2&action=source&sourceID=GaleIFME_IP _zVéase además: Base de datos Gale |
||
| 856 |
_uhttps://itmsp.museknowledge.com/UCSP?groupID=2&action=source&sourceID=EBSCO_IP _zVéase además: Base de datos EBSCOhost |
||
| 942 |
_cLIB _dJUS _fTRC _2ddc |
||
| 999 |
_c21601 _d21601 |
||